Normal view
MARC view
- MATHEMATICS. LAWS OF NATURE.HISTORY OF MATHEMATICS
Entry Topical Term
001 - CONTROL NUMBER
- control field: 61104
003 - CONTROL NUMBER IDENTIFIER
- control field: NUST
005 - DATE AND TIME OF LATEST TRANSACTION
- control field: 20210628202707.0
008 - FIXED-LENGTH DATA ELEMENTS
- fixed length control field: 210628|| aca||aabn | a|a d
040 ## - CATALOGING SOURCE
- Original cataloging agency: NUST
- Transcribing agency: NUST
150 ## - HEADING--TOPICAL TERM
- Topical term or geographic name entry element: MATHEMATICS. LAWS OF NATURE.HISTORY OF MATHEMATICS
670 ## - SOURCE DATA FOUND
- Source citation: Work cat.: (NUST): Tabak, John 8680, The history of mathematics - vol 4 numbers, computers, philosophers and the search for meaning, 2006
